000 00543nam a2200157Ia 4500
005 20250424120320.0
008 250424s9999 xx 000 0 und d
022 _a26515687
050 _aBF 636.6 .P74/
245 0 _aPrestige journal of counselling psychology: a publication of the association for the promotion of innovation in education (APIE)
260 _aCalabar, Nigeria
260 _c2019
300 _axiii, 273 p. :ill. ; 24 cm.
650 _aCounseling psychology. Counseling--Great Britain. Psychology, Applied.
942 _cSR
999 _c38618
_d38618